Semiconductor devices : (Record no. 178668)

000 -LEADER
fixed length control field 01174 a2200217 4500
003 - CONTROL NUMBER IDENTIFIER
control field Nust
005 - DATE AND TIME OF LATEST TRANSACTION
control field 20220812160343.0
010 ## - LIBRARY OF CONGRESS CONTROL NUMBER
LC control number 00038225
020 ## - INTERNATIONAL STANDARD BOOK NUMBER
International Standard Book Number 047136245X (cloth : alk. paper)
040 ## - CATALOGING SOURCE
Transcribing agency Nust
082 00 - DEWEY DECIMAL CLASSIFICATION NUMBER
Classification number 621.38152,SIN
100 1# - MAIN ENTRY--PERSONAL NAME
Personal name Singh, Jasprit.
9 (RLIN) 73418
245 10 - TITLE STATEMENT
Title Semiconductor devices :
Remainder of title basic principles /
Statement of responsibility, etc. Jasprit Singh.
260 ## - PUBLICATION, DISTRIBUTION, ETC.
Place of publication, distribution, etc. New York :
Name of publisher, distributor, etc. Wiley,
Date of publication, distribution, etc. 2000, c2001.
300 ## - PHYSICAL DESCRIPTION
Extent xxx, 537 p. :
Other physical details ill. ;
Dimensions 25 cm.
505 ## - FORMATTED CONTENTS NOTE
Formatted contents note Electronic In Solids (Page-1), Electronic Semiconductors (Page-50), Carrier Dynamics in Semiconductors (Page-89), Processing of Devices A Review (Page-136), Junctions Semiconductors (Page- 156), Semiconductors Junctions with Metals and Insulators (Page-223), Bipolar Junction Transistors (Page-257), Field Effect Transistors (Page-335), Field Effect Transistor MOSFET (Page-370), MOSFE: Technology Driver (Page-423), Semiconductors Optoelectronics (Page-454).
650 #0 - SUBJECT ADDED ENTRY--TOPICAL TERM
Topical term or geographic name entry element Telecommunication Engineering.
856 42 - ELECTRONIC LOCATION AND ACCESS
Materials specified Publisher description
Uniform Resource Identifier <a href="http://www.loc.gov/catdir/description/wiley037/00038225.html">http://www.loc.gov/catdir/description/wiley037/00038225.html</a>
856 42 - ELECTRONIC LOCATION AND ACCESS
Materials specified Table of Contents
Uniform Resource Identifier <a href="http://www.loc.gov/catdir/toc/onix05/00038225.html">http://www.loc.gov/catdir/toc/onix05/00038225.html</a>
942 ## - ADDED ENTRY ELEMENTS (KOHA)
Koha item type Reference
Source of classification or shelving scheme
Holdings
Withdrawn status Lost status Source of classification or shelving scheme Damaged status Not for loan Permanent Location Current Location Shelving location Date acquired Full call number Barcode Date last seen Price effective from Koha item type Public note
          Military College of Signals (MCS) Military College of Signals (MCS) Reference 12/12/2016 621.38152,SIN MCS32316 12/08/2016 12/12/2016 Reference Almirah No.21, Shelf No.4
© 2023 Central Library, National University of Sciences and Technology. All Rights Reserved.